000 00345pab a2200145 454500
008 180718b1997 xxu||||| |||| 00| 0 eng d
100 _aLeela Krishnan, P.
245 _aJudicial activism and environmental law
260 _c1997
300 _ap.57-67
362 _aApr-Jun
650 _aJudiciary
773 _aAdministrator
909 _a37608
999 _c37608
_d37608